000 00511nam a2200193Ia 4500
001 17724
003 IN-NITTTR
005 20251114233208.0
008 251113s9999||||xx |||||||||||||| ||eng||
040 _beng
040 _cIN-NITTTR
041 _aeng
082 _a005.133 W538P
100 _aWetzel, Gregory
245 0 _aPascal and algorithms :
_b an introduction to problem solving /
_cWetzel, Gregory, F., Bulgren, William G.
700 _a F., Bulgren
700 _a William G.,
942 _2ddc
_cBK
999 _c20358
_d20358